[Event "Arco Christmas op 9th"]
[Site "Arco"]
[Date "2018.12.29"]
[Round "6"]
[White "Bardi, Massimo"]
[Black "Engl, Stefan"]
[Result "0-1"]
[WhiteElo "1965"]
[BlackElo "2034"]
[PlyCount "56"]
[EventDate "2018.12.26"]
[EventType "swiss"]
[EventRounds "7"]
[EventCountry "ITA"]
[SourceTitle "CBM 188 Extra"]
[Source "ChessBase"]
[SourceDate "2019.02.26"]
[SourceVersion "1"]
[SourceVersionDate "2019.02.26"]
[SourceQuality "1"]

1. f4 d5 2. g3 Nc6 3. Nf3 Bg4 4. Bg2 Qd7 5. Nc3 Bxf3 6. Bxf3 Nf6 7. 0-0 e5 8. d3 0-0-0 9. e4 dxe4 10. Nxe4 Nxe4 11. Bxe4 Bc5+ 12. Kg2 f5 13. Bf3 Rhg8 14. fxe5 Nxe5 15. Bg5 Rde8 16. Qd2 h6 17. Bf4 Nxf3 18. Rxf3 g5 19. Be3 g4 20. Bxc5 Qc6 21. Bf2 gxf3+ 22. Kf1 Re2 23. Qf4 Qd5 24. h4 Rge8 25. Re1 Rxe1+ 26. Bxe1 Qe5 27. Qd2 Qe2+ 28. Qxe2 Rxe2 0-1

[Event "Omegna op 4th"]
[Site "Omegna"]
[Date "2016.08.07"]
[Round "4"]
[White "Buonanno, Raffaele"]
[Black "Bardi, Massimo"]
[Result "0-1"]
[WhiteElo "1966"]
[BlackElo "1953"]
[PlyCount "38"]
[EventDate "2016.08.05"]
[EventType "swiss"]
[EventRounds "5"]
[EventCountry "ITA"]
[SourceTitle "EXT 2018"]
[Source "ChessBase"]
[SourceDate "2017.10.13"]
[SourceVersion "1"]
[SourceVersionDate "2017.10.13"]
[SourceQuality "1"]

1. d4 d5 2. c4 e6 3. Nc3 c5 4. cxd5 cxd4 5. Qxd4 Nc6 6. Qd1 exd5 7. Qxd5 Bd6 8. Nf3 Nf6 9. Qd1 0-0 10. g3 Qe7 11. Bg5 Rd8 12. Bxf6 Qxf6 13. Qb1 Bf5 14. Qc1 Nb4 15. Bg2 Nc2+ 16. Kf1 Nxa1 17. Qxa1 Bb4 18. Nd1 Rac8 19. Ne3 Qc6 0-1

[Event "Livorno op"]
[Site "Livorno"]
[Date "2004.12.11"]
[Round "1"]
[White "Naumkin, Igor"]
[Black "Bardi, Massimo"]
[Result "1-0"]
[WhiteElo "2479"]
[BlackElo "2076"]
[PlyCount "63"]
[EventDate "2004.12.11"]
[EventType "swiss"]
[EventRounds "6"]
[EventCountry "ITA"]
[SourceTitle "EXT 2008"]
[Source "ChessBase"]
[SourceDate "2007.11.25"]
[SourceVersion "1"]
[SourceVersionDate "2007.11.25"]
[SourceQuality "1"]

1. d4 g6 2. c4 Bg7 3. Nc3 f5 4. e4 d6 5. Nf3 Nc6 6. d5 Ne5 7. Nd4 Nf6 8. f4 Nf7 9. exf5 Bxf5 10. Nxf5 gxf5 11. Bd3 Qd7 12. 0-0 0-0 13. Qf3 Nh6 14. Bd2 Nfg4 15. h3 Bd4+ 16. Kh1 Rf6 17. Rae1 Raf8 18. Nb5 Bb6 19. Bc3 Rg6 20. Nd4 Bxd4 21. Bxd4 Nf6 22. Re6 Rf7 23. Rfe1 Kf8 24. Qf2 c5 25. Bc3 a6 26. b4 cxb4 27. Bxb4 Rfg7 28. Qh4 Qa4 29. Bxd6 Nxd5 30. cxd5 Rxe6 31. dxe6 exd6 32. Qxh6 1-0

[Event "Cesenatico op 9th"]
[Site "Cesenatico"]
[Date "2004.09.05"]
[Round "2"]
[White "Bardi, Massimo"]
[Black "Bentivegna, Francesco"]
[Result "0-1"]
[WhiteElo "2076"]
[BlackElo "2250"]
[PlyCount "48"]
[EventDate "2004.09.04"]
[EventType "swiss"]
[EventRounds "9"]
[EventCountry "ITA"]
[SourceTitle "EXT 2007"]
[Source "ChessBase"]
[SourceDate "2006.11.23"]
[SourceVersion "1"]
[SourceVersionDate "2006.11.23"]
[SourceQuality "1"]

1. e4 d5 2. exd5 Nf6 3. Nc3 Nxd5 4. Nxd5 Qxd5 5. d4 Nc6 6. Nf3 Bg4 7. Be2 0-0-0 8. Be3 e5 9. Nxe5 Bxe2 10. Qxe2 Nxe5 11. dxe5 Qxg2 12. Rf1 Qe4 13. f4 Be7 14. Rf3 f6 15. Bf2 Qd5 16. Bg3 fxe5 17. fxe5 Rhf8 18. Rxf8 Rxf8 19. Qg4+ Kb8 20. Ke2 Qg2+ 21. Ke3 Qxc2 22. Bf4 Bc5+ 23. Kf3 Qf2+ 24. Ke4 Qd4+ 0-1

[Event "Salsomaggiore Terme op 8th"]
[Site "Salsomaggiore Terme"]
[Date "2004.??.??"]
[Round "2"]
[White "Bardi, Massimo"]
[Black "Brancaleoni, Maurizio"]
[Result "0-1"]
[WhiteElo "1905"]
[BlackElo "2295"]
[PlyCount "60"]
[EventDate "2004.05.??"]
[EventType "swiss"]
[EventRounds "6"]
[EventCountry "ITA"]
[SourceTitle "EXT 2007"]
[Source "ChessBase"]
[SourceDate "2006.11.23"]
[SourceVersion "1"]
[SourceVersionDate "2006.11.23"]
[SourceQuality "1"]

1. e4 d6 2. d4 Nf6 3. Nc3 Nbd7 4. f4 e5 5. Nf3 exd4 6. Nxd4 g6 7. Be3 Bg7 8. Qd2 0-0 9. Nf3 Qe7 10. Bd3 b5 11. 0-0-0 Bb7 12. Bxb5 Nxe4 13. Nxe4 Bxe4 14. Bd4 Nf6 15. Rhe1 c5 16. Bc3 d5 17. Ng5 Qb7 18. Bd3 Bxd3 19. Qxd3 d4 20. Bd2 Rab8 21. b3 Nd5 22. Qc4 Rfc8 23. Re4 Nb6 24. Qe2 c4 25. Re7 d3 26. Qe3 Qa6 27. a4 cxb3 28. Rxf7 b2+ 29. Kb1 dxc2+ 30. Ka2 Qc4+ 0-1

[Event "Lucca op 12th"]
[Site "Lucca"]
[Date "2000.10.15"]
[Round "6"]
[White "Bardi, Massimo"]
[Black "Amato, Giampiero"]
[Result "1/2-1/2"]
[WhiteElo "1803"]
[BlackElo "1752"]
[PlyCount "66"]
[EventDate "2000.10.07"]
[EventType "swiss"]
[EventRounds "6"]
[EventCountry "ITA"]
[SourceTitle "EXT 2002"]
[Source "ChessBase"]
[SourceDate "2001.11.25"]
[SourceVersion "1"]
[SourceVersionDate "2001.11.25"]
[SourceQuality "1"]

1. e4 c5 2. Nf3 d6 3. d4 cxd4 4. Nxd4 Nf6 5. Nc3 g6 6. f4 Nc6 7. Nxc6 bxc6 8. e5 Nd7 9. exd6 exd6 10. Be3 Be7 11. Qf3 d5 12. 0-0-0 0-0 13. Bd4 Nf6 14. h3 Qa5 15. g4 Bb7 16. g5 Nd7 17. Bg2 Rab8 18. Qg4 Nb6 19. Rhe1 Bb4 20. Qh4 c5 21. Bf6 Bxc3 22. Qh6 Bxb2+ 23. Bxb2 d4 24. f5 gxf5 25. g6 hxg6 26. Rg1 Qxa2 27. Rxd4 Qxb2+ 28. Kxb2 cxd4 29. h4 Nc4+ 30. Kc1 Ne3 31. Bd5 Bxd5 32. Rxg6+ fxg6 33. Qxg6+ Kh8 1/2-1/2